SaberEs (Registro nro. 8595)

Detalles MARC
000 -LEADER
fixed length control field 01424nas a2200289 454500
001 - CONTROL NUMBER
control field 26089
005 - DATE AND TIME OF LATEST TRANSACTION
control field 20260407193506.0
008 - FIXED-LENGTH DATA ELEMENTS--GENERAL INFORMATION
fixed length control field 260407s2009####ag###########|||spa#d
003 - CONTROL NUMBER IDENTIFIER
control field AR-UNSa-BCEJYS
040 ## - CATALOGING SOURCE
Original cataloging agency AR-UNSa-BCEJYS
Language of cataloging spa
Transcribing agency AR-UNSa-BCEJYS
080 ## - UNIVERSAL DECIMAL CLASSIFICATION NUMBER
Universal Decimal Classification number 330
Common auxiliary subdivision Economía en general
022 ## - INTERNATIONAL STANDARD SERIAL NUMBER
International Standard Serial Number 1852-4184
041 ## - LANGUAGE CODE
Language code of text/sound track or separate title spa
100 1# - MAIN ENTRY--PERSONAL NAME
Personal name Universidad Nacional de Rosario. Facultad de Ciencias Económicas y Estadística
245 10 - TITLE STATEMENT
Title SaberEs
Name of part/section of a work Revista de Ciencias Económicas y Estadística
264 #1 - PRODUCTION, PUBLICATION, DISTRIBUTION, MANUFACTURE, AND COPYRIGHT NOTICE
Place of production, publication, distribution, manufacture Rosario :
Name of producer, publisher, distributor, manufacturer Laborde Editor
Date of production, publication, distribution, manufacture, or copyright notice 2009
310 ## - CURRENT PUBLICATION FREQUENCY
Current publication frequency Frecuencia: Anual
520 ## - SUMMARY, ETC.
Summary, etc. SaberEs está destinada a difundir producción científica y tecnológica original en los campos de las disciplinas que integran las Ciencias Económicas (Administración, Contabilidad, Economía, Tributación, etc.) y la Estadística. Asimismo podrá contener comunicaciones breves, reseñas, recensiones de tesis, etc.<br/>Se dirige principalmente a investigadores, docentes universitarios, especialistas en los temas que trata la revista, estudiantes de posgrado, profesionales de disciplinas afines, etc.
590 ## - LOCAL NOTE (RLIN)
Local note niveau_biblio:s niveau_hierar:1
650 ## - SUBJECT ADDED ENTRY--TOPICAL TERM
Topical term or geographic name entry element CONTABILIDAD
650 ## - SUBJECT ADDED ENTRY--TOPICAL TERM
Topical term or geographic name entry element Administración
650 ## - SUBJECT ADDED ENTRY--TOPICAL TERM
Topical term or geographic name entry element ESTADISTICA
650 ## - SUBJECT ADDED ENTRY--TOPICAL TERM
Topical term or geographic name entry element ECONOMIA
700 1# - ADDED ENTRY--PERSONAL NAME
Personal name Pellegrini, José Luis
856 41 - ELECTRONIC LOCATION AND ACCESS
Uniform Resource Identifier <a href="https://www.biblioeco.unsa.edu.ar/pmb/images/revistas/saberes.jpg">https://www.biblioeco.unsa.edu.ar/pmb/images/revistas/saberes.jpg</a>
Link text Imagen de portada
Electronic format type image/jpeg
942 ## - ADDED ENTRY ELEMENTS (KOHA)
Koha item type
Existencias
Withdrawn status Lost status Damaged status Not for loan Home library Current library Shelving location Date acquired Serial enumeration / chronology Total checkouts Full call number Barcode Date last seen Price effective from Koha item type
        Biblioteca Prof. Eusebio Cleto del Rey Biblioteca Prof. Eusebio Cleto del Rey   01/01/2015 Nº 7 - ene./dic. 2015   H330 SAB 7 R20692 10/04/2026 10/04/2026 Numero
        Biblioteca Prof. Eusebio Cleto del Rey Biblioteca Prof. Eusebio Cleto del Rey   01/01/2014 Nº 6 - ene./dic. 2014   H330 SAB 6 R18131 10/04/2026 10/04/2026 Numero
        Biblioteca Prof. Eusebio Cleto del Rey Biblioteca Prof. Eusebio Cleto del Rey   01/06/2013 Nº 5 - jun. 2013   H330 SAB 5 R12493 10/04/2026 10/04/2026 Numero
        Biblioteca Prof. Eusebio Cleto del Rey Biblioteca Prof. Eusebio Cleto del Rey   01/06/2012 Nº 4 - jun. 2012   H330 SAB 4 R12492 10/04/2026 10/04/2026 Numero
        Biblioteca Prof. Eusebio Cleto del Rey Biblioteca Prof. Eusebio Cleto del Rey   01/06/2011 Nº 3 - jun. 2011   H330 SAB 3 R12491 10/04/2026 10/04/2026 Numero
        Biblioteca Prof. Eusebio Cleto del Rey Biblioteca Prof. Eusebio Cleto del Rey   01/06/2010 Nº 2 - jun. 2010   H330 SAB 2 R12490 10/04/2026 10/04/2026 Numero
        Biblioteca Prof. Eusebio Cleto del Rey Biblioteca Prof. Eusebio Cleto del Rey   01/06/2009 Nº 1 - jun. 2009   H330 SAB 1 R12489 10/04/2026 10/04/2026 Numero